Grant Svetovej banky č. 051822 na reformu účtovníctva a audítorstva na Slovensku

Saved in:
Bibliographic Details
Main Author: Šlosárová, Anna
Corporate Author: Fakulta hospodárskej informatiky EU. Katedra účtovníctva
Format: Book
Language:Slovak
Published: Bratislava 2007
Subjects:
Tags: Add Tag
No Tags, Be the first to tag this record!

MARC

LEADER 00000nam$a2200000$$$4500
001 0054733
005 20240503084917.4
041 0 |a slo 
044 |a SK 
245 1 0 |a Grant Svetovej banky č. 051822 na reformu účtovníctva a audítorstva na Slovensku  |c Anna Šlosárová ... [et al.] 
264 1 |a Bratislava  |c 2007 
300 |a [100] s. 
610 2 0 |a účtovníctvo 
610 2 0 |a audítorstvo 
610 2 0 |a reformy 
610 2 0 |a Slovensko 
100 1 |a Šlosárová, Anna 
710 2 |a Fakulta hospodárskej informatiky EU. Katedra účtovníctva